000 00493nam a2200133Ia 4500
008 100328s9999 xx 000 0 und d
082 _b54167
100 _aबेहेरे श्री.ना.
245 _aबेल तेल,वॉशिंग,पॉलिश व रंग
260 _bउदयम
630 _aबेल तेल,वॉशिंग,पॉलिश व रंग
730 _aबेल तेल,वॉशिंग,पॉलिश व रंग
942 _cBOOK
999 _c540890
_d540887